Flint saves the day / by Michael Teitelbaum ; ... Read More
Available copies
- 1 of 1 copy available at LARL/NWRL Consortium.
Current holds
0 current holds with 1 total copy.
Show All Copies
| Location | Call Number / Copy Notes | Barcode | Shelving Location | Status | Due Date |
|---|---|---|---|---|---|
| Warroad Public Library | e TEI (Text) | 35500006935272 | Main | Available | - |
Record details
- ISBN: 9781416964971
- ISBN: 1416964975
- ISBN: 9780329726881
- ISBN: 0329726889
- Physical Description: 32 pages : color illustrations ; 23 cm.
- Edition: 1st ed.
- Publisher: New York : Simon Spotlight, ©2009.
Content descriptions
| General Note: | At head of title: Cloudy with a chance of meatballs. |
| Summary, etc.: | Flint Lockwood suddenly becomes popular when the ... Read More |
Search for related items by subject
| Subject: | Food > Juvenile fiction. Weather > Juvenile fiction. Inventions > Juvenile fiction. Food > Fiction. Weather > Fiction. Inventions > Fiction. Food. Inventions. Weather. |
| Genre: | Readers (Elementary) Fiction. Juvenile works. Readers (Elementary) Film novelizations. |
Search for related items by series
| LDR | 02980cam a2200685 a 4500 | ||
|---|---|---|---|
| 001 | 487667 | ||
| 003 | LARL_NWRL_CONSORTIUM | ||
| 005 | 20260514160655.0 | ||
| 008 | 090306s2009 nyua j 000 1 eng | ||
| 010 | . | ‡a 2009008519 | |
| 040 | . | ‡aDLC ‡beng ‡cDLC ‡dBTCTA ‡dJAG ‡dOCLCF ‡dOCLCQ ‡dYDXCP ‡dTDS ‡dOCL ‡dALAMR ‡dPX9 ‡dOCLCQ ‡dOCLCO ‡dOCLCL ‡dIG# | |
| 019 | . | ‡a611194317 ‡a946148780 | |
| 020 | . | ‡a9781416964971 ‡q(alk. paper) | |
| 020 | . | ‡a1416964975 ‡q(alk. paper) | |
| 020 | . | ‡a9780329726881 ‡q(Follett) | |
| 020 | . | ‡a0329726889 ‡q(Follett) | |
| 035 | . | ‡a(OCoLC)276818889 ‡z(OCoLC)611194317 ‡z(OCoLC)946148780 | |
| 082 | 0 | 0. | ‡a[E] ‡222 |
| 100 | 1 | . | ‡aTeitelbaum, Michael. ‡0(LARL_NWRL_CONSORTIUM)80526 |
| 245 | 1 | 0. | ‡aFlint saves the day / ‡cby Michael Teitelbaum ; illustrated by Carey Yost and Pete Oswald. |
| 250 | . | ‡a1st ed. | |
| 260 | . | ‡aNew York : ‡bSimon Spotlight, ‡c©2009. | |
| 300 | . | ‡a32 pages : ‡bcolor illustrations ; ‡c23 cm. | |
| 336 | . | ‡atext ‡btxt ‡2rdacontent | |
| 337 | . | ‡aunmediated ‡bn ‡2rdamedia | |
| 338 | . | ‡avolume ‡bnc ‡2rdacarrier | |
| 490 | 0 | . | ‡aReady-to-read. Level 2 |
| 500 | . | ‡aAt head of title: Cloudy with a chance of meatballs. | |
| 520 | . | ‡aFlint Lockwood suddenly becomes popular when the young inventor creates a machine that can rain showers of food; but when the machine malfunctions, Flint must find a way to fix it before the town and the world is destroyed by giant-sized food. | |
| 650 | 0. | ‡aFood ‡vJuvenile fiction. | |
| 650 | 0. | ‡aWeather ‡vJuvenile fiction. | |
| 650 | 0. | ‡aInventions ‡vJuvenile fiction. | |
| 650 | 1. | ‡aFood ‡vFiction. | |
| 650 | 1. | ‡aWeather ‡vFiction. | |
| 650 | 1. | ‡aInventions ‡vFiction. | |
| 650 | 7. | ‡aFood. ‡2fast ‡0(LARL_NWRL_CONSORTIUM)20503 | |
| 650 | 7. | ‡aInventions. ‡2fast ‡0(LARL_NWRL_CONSORTIUM)23354 | |
| 650 | 7. | ‡aWeather. ‡2fast ‡0(LARL_NWRL_CONSORTIUM)34293 | |
| 655 | 7. | ‡aReaders (Elementary) ‡2fast | |
| 655 | 7. | ‡aFiction. ‡2fast | |
| 655 | 7. | ‡aJuvenile works. ‡2fast | |
| 655 | 7. | ‡aReaders (Elementary) ‡2lcgft | |
| 655 | 7. | ‡aFilm novelizations. ‡2lcgft | |
| 700 | 1 | . | ‡aYost, Carey, ‡eillustrator. |
| 700 | 1 | . | ‡aOswald, Pete, ‡eillustrator. ‡0(LARL_NWRL_CONSORTIUM)200989 |
| 901 | . | ‡a487667 ‡bAUTOGEN ‡c487667 ‡tbiblio | |

Add to basket
Permalink
Disable Highlighting